1554 1703 1434 1133 1679 1284 1914 1652 1311 1373 1562 1186 1220 1437 1256 1706 1057 1039 1911 1606 1542 1049 1082 1558 1511 1796 1174 2000 1793 1530 1200 1859 1645 1748 1070 1144 1244 1066 1895 1720 1556 1479 1498 1125 1915 1339 1891 1372 1095 1090 1474 1777 1429 1045 1468 1730 1281 1755 1687 1070 1535 1716 1608 1961 1207 1868 1285 1400 1488 1037 1210 1981 1976 1270 1615 1263 1751 1575 1066 1061 1586 1956 1574 1585 1800 1017 1390 1501 1732 1028 1112 1496 1271 1222 1605 1612 1213 1062 1922 BCNSPRNW ULIB Ver.6.0+V

เปลี่ยนเป็นภาษาไทย

Change to English
 แสดงรายละเอียดบรรณานุกรม
  กลับหน้าหลัก

Brief Record : Get Marc (ISO 2709) : E-mail record : QR code < ปิดหน้าต่าง
LEADER : 00000nam 2200000uu 4500
001    13399123820
003     ULIB
008    141202s2555||||th 000 0 tha d
020    ^a9786161114480
060 04 ^aWW600^bต367
110 1  ^aมหาวิทยาลัยธรรมศาสตร์. ^bคณะแพทยศาสตร์. ^bภาควิชาจักษุวิทยา
245 00 ^aตำราโรคตาในเด็ก /^cบรรณาธิการ, ศักดิ์ชัย วงศกิตติรักษ์
250    ^aพิมพ์ครั้งที่ 1
260    ^aกรุงเทพฯ :^bภาควิชาจักษุวิทยา คณะแพทยศาสตร์ มหาวิทยาลัยธรรมศาสตร์,^c2555
300    ^a(16), 208 หน้า :^bภาพประกอบ ;^c27 ซม.
650  4 ^aตา, โรค^xในวัยทารกและวัยเด็ก
650  4 ^aจักษุวิทยาเด็ก
650  4 ^aสายตาผิดปกติในเด็ก
700 0  ^aศักดิ์ชัย วงศกิตติรักษ์,^eบรรณาธิการ
945    ^p450^l0^i22236
945    ^p450^l0^i22237
999    ^aทศพร เกษรทอง
รายการนี้ยังไม่มีแท็ก
คุณยังไม่ได้ล็อกอิน คุณสามารถมีกิจกรรมร่วมกับเว็บไซต์ได้ แต่ต้องล็อกอินก่อน ::
  ล็อกอิน

รายการสื่อสารสนเทศ

ลำดับที่ ประเภท เลขเรียก/บาร์โค้ด สถานที่ สถานะ
1. วิทยาศาสตร์การแพทย์ และสุขภาพ
วิทยาศาสตร์การแพทย์ และสุขภาพ
สถานะ=หนังสือเก่า
WW600 ต367 ฉ.1 
  Barcode: 22236
ห้องสมุดวิทยาเขตนครสวรรค์
►ส่วนจัดเก็บหนังสือเก่า นว.
บนชั้น
  ขอยืม
2. วิทยาศาสตร์การแพทย์ และสุขภาพ
วิทยาศาสตร์การแพทย์ และสุขภาพ
สถานะ=หนังสือเก่า
WW600 ต367 ฉ.2 
  Barcode: 22237
ห้องสมุดวิทยาเขตนครสวรรค์
►ส่วนจัดเก็บหนังสือเก่า นว.
บนชั้น
  ขอยืม

รายการใกล้เคียง
    หัวเรื่อง [จักษุวิทยาเด็ก]
    หัวเรื่อง [สายตาผิดปกติในเด็ก]

BibComment


ยังไม่เคยถูกคอมเมนท์

คอมเมนท์ทรัพยากรรายการนี้
  คอมเมนท์: ตำราโรคตาในเด็ก ..


 Copyright 2026. Bcnsprnw @Library